The impact of a preventive intervention on persistent, cross-situational early onset externalizing problems

Gespeichert in:  
Bibliographische Detailangaben
VerfasserInnen: Lorber, Michael F. (Verfasst von) ; Donelan-McCall, Nancy (Verfasst von) ; Olds, David L. (Verfasst von)
Medienart: Elektronisch Aufsatz
Sprache:Englisch
Veröffentlicht: 2019
In: Prevention science
Jahr: 2019, Band: 20, Heft: 5, Seiten: 684-694
Online-Zugang: Volltext (kostenfrei)
Volltext (lizenzpflichtig)
Verfügbarkeit prüfen: HBZ Gateway

MARC

LEADER 00000caa a22000002c 4500
001 1912584239
003 DE-627
005 20250114055005.0
007 cr uuu---uuuuu
008 241217s2019 xx |||||o 00| ||eng c
024 7 |a 10.1007/s11121-018-0973-7  |2 doi 
035 |a (DE-627)1912584239 
035 |a (DE-599)KXP1912584239 
040 |a DE-627  |b ger  |c DE-627  |e rda 
041 |a eng 
084 |a 2,1  |2 ssgn 
100 1 |a Lorber, Michael F.  |e VerfasserIn  |4 aut 
245 1 4 |a The impact of a preventive intervention on persistent, cross-situational early onset externalizing problems 
264 1 |c 2019 
336 |a Text  |b txt  |2 rdacontent 
337 |a Computermedien  |b c  |2 rdamedia 
338 |a Online-Ressource  |b cr  |2 rdacarrier 
700 1 |a Donelan-McCall, Nancy  |e VerfasserIn  |4 aut 
700 1 |a Olds, David L.  |e VerfasserIn  |4 aut 
773 0 8 |i Enthalten in  |t Prevention science  |d Dordrecht [u.a.] : Springer Science + Business Media B.V, 2000  |g 20(2019), 5, Seite 684-694  |h Online-Ressource  |w (DE-627)320588823  |w (DE-600)2018644-7  |w (DE-576)121191796  |x 1573-6695  |7 nnas 
773 1 8 |g volume:20  |g year:2019  |g number:5  |g pages:684-694 
787 0 8 |i Forschungsdaten  |a Olds, David L.  |t Official Crime Rates of Participants in Trials of the Nurse-Family Partnership, Denver, Elmira, New York, and Memphis, 1977-2005  |d [Erscheinungsort nicht ermittelbar] : [Verlag nicht ermittelbar], 2018  |w (DE-627)1840039191 
856 4 0 |u https://doi.org/10.1007/s11121-018-0973-7  |x Resolving-System  |z kostenfrei  |3 Volltext  |7 0 
856 4 0 |u https://pubmed.ncbi.nlm.nih.gov/30684213/  |x Verlag  |z lizenzpflichtig  |3 Volltext  |7 1 
935 |a mkri 
951 |a AR 
ELC |a 1 
LOK |0 000 xxxxxcx a22 zn 4500 
LOK |0 001 4637549736 
LOK |0 003 DE-627 
LOK |0 004 1912584239 
LOK |0 005 20241217044553 
LOK |0 008 241217||||||||||||||||ger||||||| 
LOK |0 035   |a (DE-2619)ICPSR148861 
LOK |0 040   |a DE-2619  |c DE-627  |d DE-2619 
LOK |0 092   |o n 
LOK |0 852   |a DE-2619 
LOK |0 852 1  |9 00 
LOK |0 935   |a nacp 
LOK |0 939   |a 17-12-24  |b l01 
OAS |a 1 
ORI |a SA-MARC-krimdoka001.raw